000 00739nam a2200217 a 4500
001 44117
003 BD-RjUL
005 20211209053813.0
008 180507s2016 bg a|||| |||| 00| 0 eng d
020 _a9789843396280
_c: Complimentary
035 _a(BD-RjUL)44235
040 _aBD-RjUL
_beng
_cBD-RjUL
_dBD-RjUL
041 _aeng
082 _223
_aRA 330.954922021
_bTAN 2016
110 1 _aBangladesh Bureau of Statistics (BBS)
_9221323
245 1 0 _aEconomic Census 2013, District Report:
_bTangail /
_cBangladesh Bureau of Statistics (BBS)
260 _aDhaka:
_bBBS,
_c2016
300 _axvii, 518 p. :
_bIll. ;
_c28 cm.
650 _aBangladesh
_zTangail
_xEconomic conditions
_y21st century
_vStatistics
_9221324
942 _2ddc
_cRAR
999 _c44117
_d44117